Computadoras digitales

Gorde:
Xehetasun bibliografikoak
Egile nagusia: Siegel, Paul (Egilea)
Formatua: Liburua
Hizkuntza:gaztelania
Argitaratua: Ciudad de México Continental 1970
Gaiak:
Etiketak: Etiketa erantsi
Etiketarik gabe, Izan zaitez lehena erregistro honi etiketa jartzen!

MARC

LEADER 00000nam a2200000 a 4500
001 UCV4286
003 CL-VaPUC
008 910506e19700000MX |||||||||||||||||spa|d
082 0 4 |a 621.38195  |b SIE  |2 21 
100 0 |a Siegel, Paul  |e author  |9 298588 
245 1 0 |a Computadoras digitales 
300 |a 470 p 
942 |c BK 
945 |d 19910506 00:00:00 
260 |a Ciudad de México  |b Continental  |c 1970 
650 7 |a COMPUTADORES ELECTRONICOS DIGITALES  |2 CL-VaPUC  |9 259415 
583 |a last modification  |c 19910506 00:00:00  |k Rodrigo Vera 
999 |c 211200  |d 211198 
952 |0 0  |1 0  |4 0  |6 621_381950000000000_SIE_1970  |7 0  |8 A  |9 189605  |a BIBING  |b BIBING  |d 2019-11-14  |i 2572664  |o 621.38195 SIE 1970  |p 2572664  |r 2025-01-20  |w 2019-11-14  |y BK  |k ING